10 biggest sport venues in Belgium - Statistics

General Stats
  • This quiz has been taken 19 times
  • The average score is 5 of 10
Answer Stats
Region Capacity Answer % Correct
Brussels 50.122 King Baudouin
80%
Brussels 21.500 Lotto park
73%
Wallonia 27.670 Sclessin (Stade Maurice Dufrasne)
73%
Flanders 28.285 Jan Breydelstadion
67%
Flanders 19.999 Ghelamco arena
60%
Wallonia 85.000 Circuit de Spa-Francorchamps
53%
Flanders 23.001 Sportpaleis
47%
Flanders 23.718 Cegeka arena
33%
Brussels 40.000 Drie Linden Stadion/Stade des Trois Tilleuls
27%
Flanders 40.000 Gaverbeek Hippodroom
7%
No matching quizzes found
Score Distribution
Percent of People with Each Score
Percentile by Number Answered
Your Score History
You have not taken this quiz